| 000 | 00752cam a22002054a 4500 | ||
|---|---|---|---|
| 999 |
_c9796 _d9796 |
||
| 003 | OSt | ||
| 005 | 20220302172723.0 | ||
| 008 | 991102s2000 enk b 001 0 eng | ||
| 020 | _a9780863802096 | ||
| 082 | 0 | 0 |
_a620.0023 _221 _bHAR |
| 100 | 1 |
_aHartley, Peter M., _d1941- |
|
| 245 | 1 | 0 |
_aConsulting engineering : _bconstructing the future / _cPeter M. Hartley. |
| 260 |
_aBaldok, Hertfordshire, England ; _aPhiladelphia, PA : _bResearch Studies Press, _c2000. |
||
| 300 |
_axii, 164 p. ; _c24 cm. |
||
| 504 | _aIncludes bibliographical references and index. | ||
| 650 | 0 | _aConsulting engineers. | |
| 650 | 0 |
_aEngineering firms _xManagement. |
|
| 856 | 4 | 2 |
_3Publisher description _uhttp://www.loc.gov/catdir/enhancements/fy0745/99057568-d.html |
| 942 | _2ddc | ||